Data Science & Big Data Analytic : Discovering, Analyzing, Visualizing & Presenting Data (Record no. 15519)

MARC details
000 -LEADER
fixed length control field 00449nam a2200145Ia 4500
008 - FIXED-LENGTH DATA ELEMENTS--GENERAL INFORMATION
fixed length control field 221030s9999 xx 000 0 und d
020 ## - INTERNATIONAL STANDARD BOOK NUMBER
ISBN 1118876138
041 ## - LANGUAGE CODE
Language code of text/sound track or separate title
100 ## - MAIN ENTRY--AUTHOR NAME
Personal name EMC Education Services
245 #0 - TITLE STATEMENT
Title Data Science & Big Data Analytic : Discovering, Analyzing, Visualizing & Presenting Data
Statement of responsibility, etc by EMC Education Services
260 ## - PUBLICATION, DISTRIBUTION, ETC. (IMPRINT)
Name of publisher John Wiley & Sons
Place of publication United States
Year of publication 2015
300 ## - PHYSICAL DESCRIPTION
Number of Pages 410
650 ## - SUBJECT ADDED ENTRY--TOPICAL TERM
Topical Term General
942 ## - ADDED ENTRY ELEMENTS (KOHA)
Koha item type Books
Holdings
Accession Number Source of acquisition Price effective from Koha item type Withdrawn / writtenoff status Materials specified (bound volume or other part) Damaged status Not for loan Permanent Location Current Location Shelving location Date acquired Lost/ Missing status department
BE 14169 Gifted by JD MIET 10/30/2022 Books   Print     MIET Library, Jammu MIET Library, Jammu BL-Academic Block B, FL-2, CUP-0, SH-0, R-0 04/23/2015   BE